Clases, estado y nación en el Perú

-д хадгалсан:
Номзүйн дэлгэрэнгүй
Үндсэн зохиолч: Cotler, Julio (Зохиогч)
Формат: Ном
Хэл сонгох:испани
Хэвлэсэн: Lima Instituto de Estudios Peruanos 1986
Хэвлэл:3a. ed
Цуврал:Perú Problema, 17
Нөхцлүүд:
Шошгууд: Шошго нэмэх
Шошго байхгүй, Энэхүү баримтыг шошголох эхний хүн болох!

MARC

LEADER 00000nam a2200000 a 4500
001 UCP6662
003 CL-VaPUC
008 991112e19860000PE |||||||||||||||||spa|d
082 0 4 |a 320.985  |b COT  |2 21 
100 0 |a Cotler, Julio  |e author  |9 435868 
245 1 0 |a Clases, estado y nación en el Perú 
250 |a 3a. ed 
300 |a 407 p 
942 |c BK 
945 |d 19991112 00:00:00  |a crobeson 
260 |a Lima  |b Instituto de Estudios Peruanos  |c 1986 
650 0 |a Historia política  |9 256974 
650 7 |a CRISIS POLITICA  |2 CL-VaPUC  |9 327740 
650 7 |a PATIDOS POLITICOS  |2 CL-VaPUC  |9 435869 
650 0 |a APRA  |9 435595 
650 0 |a Problemas sociales  |9 258537 
651 0 |a Perú  |9 256567 
583 |a last modification  |c 19991112 00:00:00  |k Rodrigo Vera 
490 0 |a Perú Problema, 17 
999 |c 284133  |d 284131 
952 |0 0  |1 0  |4 0  |6 320_985000000000000_COT_1986  |7 0  |8 A  |9 327901  |a BIBHIS  |b BIBHIS  |d 2019-11-20  |i 1371150  |l 1  |m 1  |o 320.985 COT 1986  |p 1371150  |r 2025-01-20  |s 2023-04-19  |w 2019-11-20  |y BK  |k HIS